000 00695nam a2200241 a 4500
001 BRCA_5397
005 20190320205048.0
008 091210s1895----gw-a######---#000-0#ger-#
041 _ager
044 _agw
050 4 _aND813
_b.K53 1895
100 1 _aKnackfuss, Hermann
_d1848-1915
_913799
245 1 0 _aVelazquez
_cvon H. Knackfuss.
260 _aBielefeld, Alemania
_bVelhagen & Klasing
_c1895
300 _a64 p.
_bil.
_c26 cm.
440 0 _aKünstler-Monographien
_v6
_913466
500 _aEdición con cantos dorados
500 _aE124
600 1 4 _aVelazquez, Diego Rodríguez de Silva y
_d1599-1660
_92552
650 1 4 _aPintores españoles
_97620
902 _aGFM
942 _2lcc
_cB
999 _c5091
_d5091